00225nam a22000977a 4500003000400000082001400004100001800018245005200036260003200088300000700120SGT a320bP04P aPRATAP, VIJAY aPOLITICS, MORALITY, IDENTITY: AN INTIMATE QUEST bVASUDHAIVA KUTUMBAKAMc2004 a85